000
00211nam a2200097Ia 4500
008
240331s9999 xx 000 0 und d
082
_b
MCG
100
_a
McGrowan, C. C
245
0
_a
Walden two :
_b
notes
942
_c
L
999
_c
3191
_d
3191